=LDR 00000nam 2200000 4500 =001 INLIS000000000061944 =005 20230210071628 =035 ##$$a 0010-0223000016 =007 ta =008 230210###########################f#ind## =020 ##$$a 979-20-4511-2 =082 ##$$a 741.5 =084 ##$$a 741.5 HIR r =100 #$$a Hiro Mashima =245 1#$$a Rave 1 /$c Hiro Mashima =260 ##$$a Jakarta :$b Elex Media Komputindo,$c 2003 =300 ##$$a 196 halaman : $b Ilus. ; $c 18 cm =650 #4$$a Komik - Bacaan =990 ##$$a 00460046